书目信息 |
| 题名: |
国际投资并购国别法规政策研究
|
|
| 作者: | 刘园 , 骞芳莉 著 | |
| 分册: | ||
| 出版信息: | 北京 中国商务出版社 2015 |
|
| 页数: | 328页 | |
| 开本: | 26cm | |
| 丛书名: | “国际投资并购研究”系列丛书 | |
| 单 册: | ||
| 中图分类: | D912.290.4 , D912 | |
| 科图分类: | ||
| 主题词: | 企业合并--企业法--研究 | |
| 电子资源: | ||
| ISBN: | 978-7-5103-1311-0 | |
| 000 | 01078nam0 2200289 450 | |
| 001 | 2332793997 | |
| 005 | 20231227090701.37 | |
| 010 | @a978-7-5103-1311-0@dCNY 48.00 | |
| 090 | @aD912.29@bly | |
| 096 | @aD912.29@bly | |
| 100 | @a20160223d2015 emky0chiy0120 ea | |
| 101 | 0 | @achi |
| 102 | @aCN@b110000 | |
| 105 | @ay z 000yy | |
| 200 | 1 | @a国际投资并购国别法规政策研究@Aguo ji tou zi bing gou guo bie fa gui zheng ce yan jiu@dInternational investment national regulations policy research@f刘园,骞芳莉主编@zeng |
| 210 | @a北京@c中国商务出版社@d2015 | |
| 215 | @a328页@d26cm | |
| 225 | 1 | @a“国际投资并购研究”系列丛书 |
| 330 | @a本书共分十三章,内容包括国际投资并购国别法规政策综述,美国国际投资并购法律监管制度,欧盟国际投资并购法律监管制度等。 | |
| 510 | 1 | @aInternational investment national regulations policy research@zeng |
| 606 | 0 | @a企业合并@x企业法@x研究 |
| 690 | @aD912.290.4@v5 | |
| 690 | @aD912@v4 | |
| 701 | 0 | @a刘园@Aliu yuan@c(女)@4著 |
| 701 | 0 | @a骞芳莉@Aqian fang li@c(女)@4著 |
| 801 | 2 | @aCN@b辽宁北配@c20231205 |
| 905 | @aBZT@dD912@e5 | |
| 国际投资并购国别法规政策研究=International investment national regulations policy research/刘园,骞芳莉主编.-北京:中国商务出版社,2015 |
| 328页;26cm.-(“国际投资并购研究”系列丛书) |
| ISBN 978-7-5103-1311-0:CNY 48.00 |
| 本书共分十三章,内容包括国际投资并购国别法规政策综述,美国国际投资并购法律监管制度,欧盟国际投资并购法律监管制度等。 |
| ● |
| 相关链接 |
|
|
|
正题名:国际投资并购国别法规政策研究
索取号:D912/5
 
预约/预借
| 序号 | 登录号 | 条形码 | 馆藏地/架位号 | 状态 | 备注 |
| 1 | 2001716180 | 2001716180 | 辽三/辽宁北配(第三批)/4220/ [索取号:D912/5] | 在馆 | |
| 2 | 2001716181 | 2001716181 | 辽三/辽宁北配(第三批)/4220/ [索取号:D912/5] | 在馆 | |
| 3 | 2001716182 | 2001716182 | 辽三/辽宁北配(第三批)/4220/ [索取号:D912/5] | 在馆 | |
| 4 | 2001716183 | 2001716183 | 辽三/辽宁北配(第三批)/4220/ [索取号:D912/5] | 在馆 | |
| 5 | 2001716184 | 2001716184 | 辽三/辽宁北配(第三批)/4220/ [索取号:D912/5] | 在馆 | |
| 6 | 2001716185 | 2001716185 | 辽三/辽宁北配(第三批)/4220/ [索取号:D912/5] | 在馆 | |
| 7 | 2001716186 | 2001716186 | 辽三/辽宁北配(第三批)/4220/ [索取号:D912/5] | 在馆 | |
| 8 | 2001716187 | 2001716187 | 辽三/辽宁北配(第三批)/4220/ [索取号:D912/5] | 在馆 | |
| 9 | 2001716188 | 2001716188 | 辽三/辽宁北配(第三批)/4220/ [索取号:D912/5] | 在馆 | |
| 10 | 2001716189 | 2001716189 | 辽三/辽宁北配(第三批)/4220/ [索取号:D912/5] | 在馆 | |
| 11 | 2001716190 | 2001716190 | 辽三/辽宁北配(第三批)/4220/ [索取号:D912/5] | 在馆 | |
| 12 | 2001716191 | 2001716191 | 辽三/辽宁北配(第三批)/4220/ [索取号:D912/5] | 在馆 | |
| 13 | 2001716192 | 2001716192 | 辽三/辽宁北配(第三批)/4220/ [索取号:D912/5] | 在馆 | |
| 14 | 2001716193 | 2001716193 | 辽三/辽宁北配(第三批)/4220/ [索取号:D912/5] | 在馆 | |
| 15 | 2001716194 | 2001716194 | 辽三/辽宁北配(第三批)/4220/ [索取号:D912/5] | 在馆 | |
| 16 | 2001716195 | 2001716195 | 辽三/辽宁北配(第三批)/4220/ [索取号:D912/5] | 在馆 | |
| 17 | 2001716196 | 2001716196 | 辽三/辽宁北配(第三批)/4220/ [索取号:D912/5] | 在馆 | |
| 18 | 2001716197 | 2001716197 | 辽三/辽宁北配(第三批)/4220/ [索取号:D912/5] | 在馆 | |
| 19 | 2001716198 | 2001716198 | 辽三/辽宁北配(第三批)/4220/ [索取号:D912/5] | 在馆 | |
| 20 | 2001716199 | 2001716199 | 辽三/辽宁北配(第三批)/4220/ [索取号:D912/5] | 在馆 | |
| 21 | 2001716200 | 2001716200 | 辽三/辽宁北配(第三批)/4220/ [索取号:D912/5] | 在馆 | |
| 22 | 2001716201 | 2001716201 | 辽三/辽宁北配(第三批)/4220/ [索取号:D912/5] | 在馆 | |
| 23 | 2001716202 | 2001716202 | 辽三/辽宁北配(第三批)/4220/ [索取号:D912/5] | 在馆 | |
| 24 | 2001716203 | 2001716203 | 辽三/辽宁北配(第三批)/4221/ [索取号:D912/5] | 在馆 | |
| 25 | 2001716204 | 2001716204 | 辽三/辽宁北配(第三批)/4221/ [索取号:D912/5] | 在馆 | |
| 26 | 2001716205 | 2001716205 | 辽三/辽宁北配(第三批)/4221/ [索取号:D912/5] | 在馆 | |
| 27 | 2001716206 | 2001716206 | 辽三/辽宁北配(第三批)/4221/ [索取号:D912/5] | 在馆 | |
| 28 | 2001716207 | 2001716207 | 辽三/辽宁北配(第三批)/4221/ [索取号:D912/5] | 在馆 | |
| 29 | 2001716208 | 2001716208 | 辽三/辽宁北配(第三批)/4221/ [索取号:D912/5] | 在馆 | |
| 30 | 2001716209 | 2001716209 | 辽三/辽宁北配(第三批)/4221/ [索取号:D912/5] | 在馆 |